Kaedah penyelidikan sosial / (Record no. 1579)

000 -LEADER
fixed length control field nam a22 a 4500
003 - CONTROL NUMBER IDENTIFIER
control field AKMAL
005 - DATE AND TIME OF LATEST TRANSACTION
control field 20170511094007.0
008 - FIXED-LENGTH DATA ELEMENTS--GENERAL INFORMATION
fixed length control field 170511s1984 my a00 may d
039 #9 - LEVEL OF BIBLIOGRAPHIC CONTROL AND CODING DETAIL [OBSOLETE]
Level of rules in bibliographic description 201304261049
Level of effort used to assign nonsubject heading access points manoriah
040 ## - CATALOGING SOURCE
Original cataloging agency AKMAL
082 04 - DEWEY DECIMAL CLASSIFICATION NUMBER
Classification number 310 BAI
090 20 - LOCALLY ASSIGNED LC-TYPE CALL NUMBER (OCLC); LOCAL CALL NUMBER (RLIN)
Classification number (OCLC) (R) ; Classification number, CALL (RLIN) (NR) 310
Local cutter number (OCLC) ; Book number/undivided call number, CALL (RLIN) BAI
100 1# - MAIN ENTRY--PERSONAL NAME
Personal name Bailey, Kenneth D.
9 (RLIN) 3191
245 10 - TITLE STATEMENT
Title Kaedah penyelidikan sosial /
Statement of responsibility, etc. Kenneth D. Bailey ; terjemahan, Hashim Awang
260 ## - PUBLICATION, DISTRIBUTION, ETC.
Place of publication, distribution, etc. Kuala Lumpur :
Name of publisher, distributor, etc. Dewan Bahasa dan Pustaka,
Date of publication, distribution, etc. 1984
300 00 - PHYSICAL DESCRIPTION
Extent xxi, 799ms. ;
Dimensions 22cm
500 ## - GENERAL NOTE
General note Terjemahan dari: Methods of social research. New York : The Free Press, 1978
650 10 - SUBJECT ADDED ENTRY--TOPICAL TERM
Topical term or geographic name entry element Sociology
General subdivision Methodology
9 (RLIN) 3192
700 0# - ADDED ENTRY--PERSONAL NAME
Personal name Hashim Awang,
Titles and other words associated with a name Dato',
Dates associated with a name 1937-
9 (RLIN) 2721
942 ## - ADDED ENTRY ELEMENTS (KOHA)
Source of classification or shelving scheme
Koha item type Book
Holdings
Withdrawn status Lost status Source of classification or shelving scheme Damaged status Not for loan Collection code Home library Current library Shelving location Date acquired Inventory number Total Checkouts Full call number Barcode Date last seen Price effective from Koha item type
          NON-FICTION AKMAL Melaka AKMAL Melaka PINJAMAN 11.05.2017 301301   310 BAI 201702917 11.05.2017 11.05.2017 Book
Pusat Sumber Maklumat Dato' Haji Sarmin Md Hussin, Akademi Kastam Diraja Malaysia, Melaka
Tel: 06-2331106 | Faks: 06-2313787